Statistics for 1958年11月時点の急行白兎の停車駅

Click here to take the quiz!

General Stats

  • This quiz has been taken 41 times
  • The average score is 17 of 21

Answer Stats

Answer% Correct
米子
100%
鳥取
100%
福知山
97%
豊岡
97%
京都
97%
城崎
97%
香住
94%
綾部
92%
浜坂
92%
亀岡
92%
和田山
89%
園部
89%
二条
89%
八鹿
75%
江原
75%
岩美
72%
浦安
61%
松崎
53%
赤碕
53%
浜村
47%
上井
33%

Score Distribution

Percentile by Number Answered

Percent of People with Each Score

Your Score History

You have not taken this quiz